书目信息 |
| 题名: |
武则天四大奇案
|
|
| 作者: | 崔爱萍 , 范济平 校注 | |
| 分册: | ||
| 出版信息: | 郑州 中州古籍出版社 1990.11 |
|
| 页数: | 348页 | |
| 开本: | 19cm | |
| 丛书名: | 话说隋唐小说丛书 | |
| 单 册: | ||
| 中图分类: | I242.4 , I242.43 | |
| 科图分类: | ||
| 主题词: | 章回小说--中国--清代 , 长篇小说--中国--清代 , 历史小说--中国--清代 , 小说--中国 | |
| 电子资源: | ||
| ISBN: | 7-5348-0309-8 | |
| 000 | 01016nam 2200313 45 | |
| 001 | 0191006108 | |
| 005 | 20070801151438.14 | |
| 010 | @a7-5348-0309-8@dCNY4.20 | |
| 100 | @a19910327d1990 em y0chiy0121 ea | |
| 101 | 0 | @achi |
| 102 | @aCN@b410000 | |
| 105 | @ay z 000ay | |
| 200 | 10 | @a武则天四大奇案@AWU ZE TIAN SI DA QI AN@f(清)无名氏撰@F( QING ) WU MING SHI ZHUAN@g崔爱萍,范济平校注 |
| 210 | @a郑州@c中州古籍出版社@d1990.11 | |
| 215 | @a348页@d19cm | |
| 225 | 2 | @a话说隋唐小说丛书 |
| 330 | @a本书是一部长篇通俗小说,前半部分写狄仁杰审理的三个奇案,后半部分,说的是狄仁杰与奸党斗争的事。 | |
| 410 | 0 | @120010@a话说隋唐小说丛书 |
| 540 | 1 | @a武则天 奇案@AWU ZE TIAN QI AN |
| 606 | @a章回小说@y中国@z清代 | |
| 606 | @a长篇小说@y中国@z清代 | |
| 606 | @a历史小说@y中国@z清代 | |
| 606 | 0 | @a小说@x中国 |
| 690 | @aI242.4 | |
| 690 | @aI242.43@v3 | |
| 701 | 0 | @a崔爱萍@ACUI AI PING@4校注 |
| 701 | 0 | @a范济平@AFAN JI PING@4校注 |
| 801 | 0 | @aCN@bNLC@c20070801 |
| 905 | @f3@b251488-490@dI242.4@e154 | |
| 武则天四大奇案/(清)无名氏撰/崔爱萍,范济平校注.-郑州:中州古籍出版社,1990.11 |
| 348页;19cm.-(话说隋唐小说丛书) |
| ISBN 7-5348-0309-8:CNY4.20 |
| 本书是一部长篇通俗小说,前半部分写狄仁杰审理的三个奇案,后半部分,说的是狄仁杰与奸党斗争的事。 |
| ● |
| 相关链接 |
|
|
|
|
正题名:武则天四大奇案
索取号:I242.4/154
 
预约/预借
| 序号 | 登录号 | 条形码 | 馆藏地/架位号 | 状态 | 备注 |
| 1 | 0251488 | 001648872 | 第二借阅区/ [索取号:I242.4/154] | 在馆 | |
| 2 | 0251489 | 000111890 | 第二借阅区/ [索取号:I242.4/154] | 在馆 | |
| 3 | 0251490 | 000768798 | 第二借阅区/ [索取号:I242.4/154] | 在馆 | |
| 4 | 0251492 | 000111907 | 第一样本阅览室/ [索取号:I242.4/154] | 在馆 | |
| 5 | 0790939 | 207909398 | 密集书库/ [索取号:I242.4/154] | 在馆 |